| 000 | 00875nam a2200265 i 4500 | ||
|---|---|---|---|
| 001 | bg | ||
| 003 | KOSZ 005 | ||
| 005 | 20200630132820.0 | ||
| 008 | 071022s1966 pl a f f 000 0 pol | ||
| 015 | _aPB 1966/8246 | ||
| 040 |
_aWA N _cKOSZ 005/RW _dKOSZ 005/RW |
||
| 080 | _a624 | ||
| 100 | 1 | _aWeiss, Stanisław. | |
| 245 | 1 | 0 |
_aKurs budownictwa stalowego / _cStanisław Weiss. |
| 250 | _aWyd. 3 popr. | ||
| 260 |
_aWarszawa : _bPaństwowe Wydawnictwo Naukowe, _c1966. |
||
| 300 |
_a234 s. : _bil. ; _c24 cm. |
||
| 380 | _aKsiążki. | ||
| 521 | 8 | _aSkrypt dla studentów wyższ. szk. techn. | |
| 655 | 4 | _aPodręczniki akademickie | |
| 650 | 4 | _aKonstrukcje stalowe | |
| 710 | 2 |
_aPaństwowe Wydawnictwo Naukowe _4pbl. |
|
| 856 |
_uhttp://koha.tu.koszalin.pl/cgi-bin/koha/opac-detail.pl?biblionumber=10655 _yKatalog online BPK |
||
| 942 |
_2UKD _cKS |
||
| 999 |
_c10655 _d10655 |
||